A companion to the eucharist in the Reformation / (Registro nro. 27031)

Detalles MARC
000 -LEADER
campo de control de longitud fija 02946cam a22004934i 4500
003 - IDENTIFICADOR DE NÚMERO DE CONTROL
campo de control PE-LiUPU
005 - FECHA Y HORA DE LA ÚLTIMA TRANSACCIÓN
campo de control 20250731173052.0
008 - DATOS DE LONGITUD FIJA--INFORMACIÓN GENERAL
campo de control de longitud fija 180226s2014 ne a rb 001 0 eng d
020 ## - NÚMERO INTERNACIONAL ESTÁNDAR DEL LIBRO
Número Internacional Estándar del Libro 9789004204102
035 ## - NÚMERO DE CONTROL DEL SISTEMA
Número de control de sistema (Sirsi) a241394
040 ## - FUENTE DE CATALOGACIÓN
Centro catalogador/agencia de origen PE-LiUPU
Lengua de catalogación spa
Centro/agencia transcriptor PE-LiUPU
Normas de descripción rda
049 ## - FONDOS LOCALES (OCLC)
Biblioteca depositaria PRUA
082 04 - NÚMERO DE LA CLASIFICACIÓN DECIMAL DEWEY
Número de clasificación 264.3609031
Cutter C7
Número de edición 23
245 02 - MENCIÓN DEL TÍTULO
Título A companion to the eucharist in the Reformation /
Mención de responsabilidad, etc. edited by Lee Palmer Wandel.
264 #1 - PRODUCCIÓN, PUBLICACIÓN, DISTRIBUCIÓN, FABRICACIÓN Y COPYRIGHT
Producción, publicación, distribución, fabricación y copyright Leiden, The Netherlands :
Nombre del de productor, editor, distribuidor, fabricante Brill,
Fecha de producción, publicación, distribución, fabricación o copyright 2014.
300 ## - DESCRIPCIÓN FÍSICA
Extensión xx, 518 páginas :
Otras características físicas ilustraciones ;
Dimensiones 25 centímetros.
336 ## - TIPO DE CONTENIDO
Término de tipo de contenido text
Fuente rdacontent
337 ## - TIPO DE MEDIO
Nombre/término del tipo de medio unmediated
Fuente rdamedia
338 ## - TIPO DE SOPORTE
Nombre/término del tipo de soporte volume
Fuente rdacarrier
490 1# - MENCIÓN DE SERIE
Mención de serie Brill's companions to the Christian tradition ;
Designación de volumen o secuencia volume 46
504 ## - NOTA DE BIBLIOGRAFÍA, ETC.
Nota de bibliografía, etc. Bibliografía : páginas 509-513.
504 ## - NOTA DE BIBLIOGRAFÍA, ETC.
Nota de bibliografía, etc. Índices: páginas 515-518.
505 0# - NOTA DE CONTENIDO CON FORMATO
Nota de contenido con formato Introduction / Lee Palmer Wandel -- THEOLOGY -- The medieval inheritance / Gary Macy -- Martin Luther / Volker Leppin -- Huldrych Zwingli and Heinrich Bullinger / Carrie Euler -- Martin Bucer / Nicholas Thompson -- John Calvin / Nicholas Wolterstorff -- Anabaptist theologies of the Eucharist / John D. Rempel -- Anglican theologies of the Eucharist / James F. Turrell -- The Council of Trent / Robert J. Daly, S.J. -- LITURGICAL PRACTICES -- Catholic liturgies of the Eucharist in the time of reform / Isabelle Brian -- From sacrifice to supper: Eucharist practice in the Lutheran Reformation / Thomas H. Schattauer -- Reformed liturgical practices / Raymond A. Mentzer -- Anabaptist liturgical practices / Michele Zelinsky Hanson -- Anglican liturgical practices / James F. Turrell -- The Spanish New World / Jaime Lara -- SITES OF THE EUCHARIST -- Sites of the Eucharist / Andrew Spicer -- THE ART OF THE LITURGY -- A view of the Eucharist on the eve of the Protestant Reformation / Achim Timmermann -- The Lutheran tradition / Birgit Ulrike Münch -- Reformed / Andreas Gormans -- THE EUCHARIST AND SOUND -- The sounds of eucharistic culture / Alexander J. Fisher -- THE IMPORT OF THE EUCHARIST -- Sacramental poetics / Regina M. Schwartz -- Enlightenment aesthetics and the eucharistic sign: Lessing's Laocoön / Christopher Wild.
526 ## - NOTA DE INFORMACIÓN SOBRE EL PROGRAMA DE ESTUDIO
Nombre del programa Segunda Especialidad En Profecías Bíblicas
526 ## - NOTA DE INFORMACIÓN SOBRE EL PROGRAMA DE ESTUDIO
Nombre del programa Segunda Especialidad En Nuevo Testamento
526 ## - NOTA DE INFORMACIÓN SOBRE EL PROGRAMA DE ESTUDIO
Nombre del programa Segunda Especialidad En Antiguo Testamento
526 ## - NOTA DE INFORMACIÓN SOBRE EL PROGRAMA DE ESTUDIO
Nombre del programa Segunda Especialidad En Estudios Adventistas
526 ## - NOTA DE INFORMACIÓN SOBRE EL PROGRAMA DE ESTUDIO
Nombre del programa Doctorado en teología
526 ## - NOTA DE INFORMACIÓN SOBRE EL PROGRAMA DE ESTUDIO
Nombre del programa Maestría en teología histórica
526 ## - NOTA DE INFORMACIÓN SOBRE EL PROGRAMA DE ESTUDIO
Nombre del programa Maestría en teología bíblica
526 ## - NOTA DE INFORMACIÓN SOBRE EL PROGRAMA DE ESTUDIO
Nombre del programa Maestría en teología
526 ## - NOTA DE INFORMACIÓN SOBRE EL PROGRAMA DE ESTUDIO
Nombre del programa Maestría en misionología
526 ## - NOTA DE INFORMACIÓN SOBRE EL PROGRAMA DE ESTUDIO
Nombre del programa Maestría en liderazgo eclesiástico
526 ## - NOTA DE INFORMACIÓN SOBRE EL PROGRAMA DE ESTUDIO
Nombre del programa Teología
596 ## -
-- 1
650 #0 - PUNTO DE ACCESO ADICIONAL DE MATERIA--TÉRMINO DE MATERIA
Término de materia o nombre geográfico como elemento de entrada Christianity and culture
Subdivisión general History
Subdivisión cronológica 16th century.
650 #0 - PUNTO DE ACCESO ADICIONAL DE MATERIA--TÉRMINO DE MATERIA
Término de materia o nombre geográfico como elemento de entrada Cristianismo y cultura
Subdivisión general Historia
Subdivisión cronológica siglo XVI.
700 1# - ENTRADA AGREGADA--NOMBRE PERSONAL
Nombre de persona Wandel, Lee Palmer,
Término indicativo de función/relación editor.
910 ## - DATOS DE OPCIÓN DEL USUARIO (OCLC)
Datos de opción del usuario dbm
-- jpc
-- jpc
-- 20180226
942 ## - ELEMENTOS DE ENTRADA SECUNDARIOS (KOHA)
Fuente del sistema de clasificación o colocación Clasificación Decimal Dewey
Tipo de ítem Koha
994 ## -
-- C0
-- PEPRU
999 ## - NÚMEROS DE CONTROL DE SISTEMA (KOHA)
-- DEWEY
-- 77032
-- 2021-11-10
-- 4
-- CCODEBUL1
-- BUL
-- 278.00
-- 0
-- Y
-- BOOK
-- 2018-2-26
-- TEOLOGIA
-- P35
-- DONACION
-- .STAFF. Colección Teología
980 ## - EQUIVALENCIA O REFERENCIA-CRUZADA-MENCIÓN DE SERIE--NOMBRE DE PERSONA/TÍTULO [LOCAL, CANADÁ]
ID del último usuario que modificó el registro 1
Nombre del último usuario que modificó el registro ALBERTO SANCHEZ Responsable de Automatización
Existencias
Visto por última vez Número de inventario Total de préstamos Signatura topográfica completa Código de barras Copia número Coste, precio de reemplazo Fecha de reemplazo Facultad Tipo de ítem Koha Nota pública Estado de pérdida Fuente del sistema de clasificación o colocación Restricciones de uso No para préstamo Colección Programa académico Biblioteca de origen Biblioteca actual Ubicación en estantería Fecha de adquisición Fuente de adquisición Coste, precio normal de compra
2025-12-02 5   264.3609031 C7 77032 e1 283.00 2018-02-26   Libros físicos inventario-2023-12-13 No Perdido Clasificación Decimal Dewey No restringido Disponible para préstamos Colección General Teología Biblioteca CRAI UPeU Lima Biblioteca CRAI UPeU Lima Sala principal 2018-02-26 DONACION 278.00